000 00354 a2200133 4500
020 _a0007121083
090 _c5890
_d5890
100 _aChristie, Agatha
245 _aThe adventure of the christmas pudding
_cAgatha Christie
260 _aLondon:
_bHarperCollins,
_c1960.
300 _a363 p.
_c20 cm.
650 _aMystery fiction
942 _cBK
_k823.912 CHR
999 _c9729
_d9729